| 000 | 00672nam a2200265Ia 4500 | ||
|---|---|---|---|
| 001 | Z_1098 | ||
| 003 | CHAP | ||
| 008 | 220113s9999 xx 000 0 und d | ||
| 010 | _a164178 | ||
| 040 | _cCHAP | ||
| 082 | _a636.5 E34y | ||
| 100 |
_aEde. D. A. _935323 |
||
| 245 |
_aAnatomía de las aves / _cD. A. Ede; José Sandoval Juárez, traductor |
||
| 260 |
_aZaragoza, España : _bACRIBIA, _c |
||
| 300 | _a136 p. | ||
| 500 | _aIncluye apéndice | ||
| 503 | _aej.1: 0006, ej.2:0701, ej.3:128828 | ||
| 650 |
_aAves _xAnatomía y Fisiología _9138261 |
||
| 901 | _a636.5 E34Y | ||
| 902 | _aM | ||
| 910 | _a | ||
| 942 | _c1 | ||
| 942 | _cc1 | ||
| 999 |
_c164178 _d164178 |
||